[Event "21st Sigeman & Co"]
[Site "Malmo SWE"]
[Date "2013.05.22"]
[Round "1"]
[White "Hector, Jonny"]
[Black "Short, Nigel David"]
[Result "1/2-1/2"]
[WhiteElo "2512"]
[BlackElo "2681"]
[EventDate "2013.05.22"]
[PlyCount "146"]

1.e4 e6 2.d4 d5 3.Nc3 Bb4 4.e5 c5 5.Bd2 Nh6 6.Nb5 Bxd2+ 7.Qxd2 O-O 8.f4 
Bd7 9.c3 Bxb5 10.Bxb5 Qb6 11.Bd3 cxd4 12.cxd4 Nc6 13.Nf3 g6 14.Be2 Rac8 
15.a3 Nf5 16.Rd1 h5 17.b4 Rc7 18.O-O Rfc8 19.Kh1 Nce7 20.Ne1 Rc3 21.Rf3 
Qc7 22.Kg1 a5 23.b5 Rxf3 24.Nxf3 Qc3 25.Qxc3 Rxc3 26.Rd3 Rc2 27.Kf2 Nc8 
28.Ke1 Nb6 29.Kd1 Rc4 30.g3 Kf8 31.Rb3 Ra4 32.Rc3 Nxd4 33.Nxd4 Rxd4+ 34.
Kc2 Ra4 35.Rc7 Rxa3 36.Rxb7 Ra2+ 37.Kd1 Na4 38.Ke1 Nc3 39.Bd3 Rb2 40.Rb8+ 
Kg7 41.h4 a4 42.Ra8 Rb4 43.Ra5 Kf8 44.Kd2 d4 45.Kc2 Ke8 46.Ra7 Kd8 47.Ra5 
Kc7 48.Ra7+ Kb8 49.Ra6 Kc8 50.Ra7 Kd8 51.Ra8+ Ke7 52.Ra5 Kf8 53.Kd2 Kg8 
54.Ra8+ Kg7 55.Ra5 Nd5 56.Kc1 Rb3 57.Kd2 a3 58.Bc4 Rxg3 59.Bxd5 exd5 60.b6
Rb3 61.Kc2 Rxb6 62.Rxa3 Rc6+ 63.Kd3 Rc1 64.Kxd4 Rh1 65.Kxd5 Rxh4 66.Rf3 
Rg4 67.e6 Rg1 68.f5 Rd1+ 69.Kc6 fxe6 70.fxe6 g5 71.Rf5 Re1 72.Kd6 Rd1+ 73.
Kc7 Re1 1/2-1/2

[Event "21st Sigeman & Co"]
[Site "Malmo SWE"]
[Date "2013.05.22"]
[Round "1"]
[White "Sokolov, Ivan"]
[Black "Berg, Emanuel"]
[Result "1-0"]
[WhiteElo "2642"]
[BlackElo "2561"]
[EventDate "2013.05.22"]
[PlyCount "123"]

1.d4 Nf6 2.c4 g6 3.Nc3 Bg7 4.e4 d6 5.Nf3 O-O 6.h3 e5 7.d5 a5 8.Bg5 Na6 9.
Bd3 Qe8 10.Qd2 Nd7 11.h4 Ndc5 12.Bc2 f5 13.Be3 Bd7 14.h5 gxh5 15.Qe2 f4 
16.Bxc5 Nxc5 17.Nb5 Bxb5 18.cxb5 a4 19.Nd2 f3 20.Nxf3 Ra5 21.b6 cxb6 22.
Nd2 b5 23.Qxh5 Qxh5 24.Rxh5 b4 25.Ke2 Rc8 26.Nc4 Ra6 27.Bd3 b3 28.Ne3 a3 
29.axb3 axb2 30.Rb1 Ra2 31.Bc2 Na6 32.b4 Nxb4 33.Bb3 Ra1 34.Rxb2 b5 35.Rh3
Rc3 36.Bc4 bxc4 37.Rxb4 Ra2+ 38.Kf3 Rb3 39.Rxc4 Rbb2 40.Rc8+ Kf7 41.Rc7+ 
Kg8 42.Nd1 Ra3+ 43.Kg4 Rxh3 44.Nxb2 Rh6 45.Nc4 Rf6 46.f3 Bh6 47.Rd7 Rg6+ 
48.Kh3 Bf4 49.g4 Rh6+ 50.Kg2 Rh2+ 51.Kf1 Rh1+ 52.Ke2 Rh2+ 53.Kd3 Rf2 54.
Nxd6 Rxf3+ 55.Kc4 h6 56.Nf5 Rf1 57.d6 Rd1 58.Re7 Kf8 59.Kc5 Rd2 60.d7 Bg5 
61.Re8+ Kf7 62.Nd6+ 1-0

[Event "21st Sigeman & Co"]
[Site "Malmo SWE"]
[Date "2013.05.22"]
[Round "1"]
[White "Tikkanen, Hans"]
[Black "Grandelius, Nils"]
[Result "1/2-1/2"]
[WhiteElo "2537"]
[BlackElo "2556"]
[EventDate "2013.05.22"]
[PlyCount "49"]

1.c4 e5 2.g3 c6 3.d4 e4 4.Nc3 d5 5.Nh3 h6 6.cxd5 cxd5 7.Nf4 Nf6 8.Qb3 Nc6 
9.Nfxd5 Nxd5 10.Qxd5 Qxd5 11.Nxd5 Nxd4 12.Nc7+ Kd8 13.Bf4 Nc2+ 14.Kd2 Nxa1
15.Nxa8 Be6 16.Kc3 Be7 17.Bg2 Bf6+ 18.Kd2 Ke7 19.Rxa1 Rxa8 20.Bxe4 Rd8+ 
21.Bd3 Rc8 22.Rb1 Bxa2 23.Ra1 Bd5 24.e4 Bxb2 25.Rxa7 1/2-1/2

[Event "21st Sigeman & Co"]
[Site "Malmo SWE"]
[Date "2013.05.22"]
[Round "1"]
[White "Van Wely, Loek"]
[Black "Rapport, Richard"]
[Result "1/2-1/2"]
[WhiteElo "2689"]
[BlackElo "2674"]
[EventDate "2013.05.22"]
[PlyCount "147"]

1.d4 d5 2.c4 c6 3.Nf3 Nf6 4.Qb3 Qb6 5.Nc3 e6 6.g3 Qxb3 7.axb3 b6 8.cxd5 
exd5 9.Bg2 Na6 10.O-O Nb4 11.Bd2 Bb7 12.Rfc1 Be7 13.Nb5 cxb5 14.Rc7 Bc8 
15.Bxb4 Bxb4 16.Raxa7 Rxa7 17.Rxc8+ Ke7 18.Rxh8 Ra1+ 19.Bf1 Be1 20.Bh3 Ne4
21.Kg2 Bxf2 22.Rb8 g6 23.Rb7+ Kf8 24.Bd7 Rd1 25.Bc6 Bxd4 26.Bxd5 Nd6 27.
Rd7 Bc5 28.Bxf7 Nf5 29.Ra7 Ne3+ 30.Kh3 Be7 31.Ne5 Rd6 32.b4 Bf6 33.Nd3 Be7
34.Ne5 Bf6 35.Nd3 Be7 36.Bb3 g5 37.g4 Rh6+ 38.Kg3 Bd6+ 39.Kf3 Nc4 40.Bd1 
Rxh2 41.Ke4 h5 42.gxh5 g4 43.Nf4 g3 44.Ne6+ Ke8 45.b3 Be7 46.Ng7+ Kf8 47.
Ne6+ Ke8 48.Ng7+ Kf7 49.Nf5 g2 50.Rxe7+ Kf8 51.Rg7 Nd6+ 52.Kf4 Nxf5 53.
Rxg2 Rxg2 54.Kxf5 Rg1 55.Bc2 Rc1 56.Bd3 Rc3 57.Ke6 Rxb3 58.Kd6 Rxb4 59.Kc6
Rf4 60.Bxb5 Rf6+ 61.Kc7 Ke7 62.Bc6 Re6 63.Kxb6 Rxe2 64.Kc5 Rc2+ 65.Kd5 Rh2
66.Ke5 Rxh5+ 67.Kd4 Kd6 68.Bf3 Rh4+ 69.Be4 Rg4 70.Kd3 Ke5 71.Bb7 Rg3+ 72.
Kc4 Rg1 73.Bf3 Rf1 74.Bb7 1/2-1/2

[Event "21st Sigeman & Co"]
[Site "Malmo SWE"]
[Date "2013.05.23"]
[Round "2"]
[White "Berg, Emanuel"]
[Black "Tikkanen, Hans"]
[Result "1/2-1/2"]
[WhiteElo "2561"]
[BlackElo "2537"]
[EventDate "2013.05.22"]
[PlyCount "116"]

1.e4 e6 2.d4 d5 3.Nd2 Nf6 4.e5 Nfd7 5.Bd3 c5 6.c3 Nc6 7.Ne2 cxd4 8.cxd4 f6
9.exf6 Nxf6 10.O-O Bd6 11.Nf3 Qc7 12.Bd2 O-O 13.Rc1 Qb6 14.Bc3 Bd7 15.h3 
Nh5 16.Ne5 Nxe5 17.dxe5 Bc5 18.Nd4 Nf4 19.Kh2 Nxd3 20.Qxd3 Rf4 21.Rcd1 
Raf8 22.f3 Rxd4 23.Bxd4 Bb5 24.Bxc5 Qxc5 25.Qd2 Bxf1 26.Rxf1 Rc8 27.f4 g6 
28.Rf3 d4 29.Qd3 Qd5 30.Qb3 Rc4 31.Qa3 Rc2 32.Rg3 Kf7 33.Qb3 Qxb3 34.Rxb3 
b6 35.Kg3 Ke7 36.Kf3 Kd7 37.Rd3 Rxb2 38.Rxd4+ Ke7 39.a4 h5 40.Rc4 Kd7 41.
Rd4+ Ke7 42.Kg3 Ra2 43.Rb4 Kd7 44.Rd4+ Ke7 45.Rb4 Kd7 46.Rc4 Rd2 47.Kh4 
Rxg2 48.Rd4+ Ke7 49.a5 bxa5 50.Ra4 Kd7 51.Rxa5 Kc6 52.Rxa7 Kd5 53.Ra4 Rg1 
54.Rb4 Rg2 55.Rb6 Ke4 56.Rxe6 Kxf4 57.Rf6+ Kxe5 58.Re6+ Kxe6 1/2-1/2

[Event "21st Sigeman & Co"]
[Site "Malmo SWE"]
[Date "2013.05.23"]
[Round "2"]
[White "Grandelius, Nils"]
[Black "Hector, Jonny"]
[Result "1-0"]
[WhiteElo "2556"]
[BlackElo "2512"]
[EventDate "2013.05.22"]
[PlyCount "125"]

1.e4 e5 2.Nf3 Nc6 3.Bb5 a6 4.Ba4 d6 5.c3 f5 6.exf5 Bxf5 7.O-O Bd3 8.Re1 
Be7 9.Bc2 Bxc2 10.Qxc2 Nf6 11.d4 O-O 12.Be3 exd4 13.cxd4 d5 14.Nc3 Bb4 15.
Rad1 Qd6 16.Ne5 Rae8 17.Nxc6 Qxc6 18.f3 Bxc3 19.bxc3 Nd7 20.Re2 Nb6 21.
Rde1 Qa4 22.Qb3 Qb5 23.Kf2 Nc4 24.Bc1 Rxe2+ 25.Rxe2 Qc6 26.Qd1 Re8 27.Bf4 
Rxe2+ 28.Qxe2 Kf7 29.Qc2 g6 30.Qc1 Qb6 31.Kg3 Ke8 32.h4 Kd7 33.Qh1 Nd6 34.
Qe1 Nf5+ 35.Kh3 Qf6 36.Be5 Qe7 37.g4 Ng7 38.Qb1 b5 39.Qb3 Kc6 40.a4 Qf7 
41.axb5+ axb5 42.Kg3 Ne8 43.Qb4 Qd7 44.Qf8 Kb7 45.Qg8 Ka7 46.Qf8 Kb7 47.h5
gxh5 48.Qf5 Qc6 49.Qxh5 Nd6 50.Qxh7 Kb6 51.Qd3 Nc4 52.g5 Qe6 53.f4 Nxe5 
54.dxe5 c5 55.g6 b4 56.cxb4 c4 57.Qd4+ Kb5 58.Qc5+ Ka4 59.Qd6 Qf5 60.g7 
Qd3+ 61.Kg4 Qh7 62.Qd7+ Ka3 63.Qf7 1-0

[Event "21st Sigeman & Co"]
[Site "Malmo SWE"]
[Date "2013.05.23"]
[Round "2"]
[White "Van Wely, Loek"]
[Black "Sokolov, Ivan"]
[Result "1/2-1/2"]
[WhiteElo "2689"]
[BlackElo "2642"]
[EventDate "2013.05.22"]
[PlyCount "97"]

1.d4 d5 2.c4 e6 3.Nc3 Bb4 4.Nf3 Ne7 5.Bd2 c5 6.a3 Bxc3 7.Bxc3 cxd4 8.Bxd4 
O-O 9.e3 Nbc6 10.Bc3 b6 11.Qc2 h6 12.cxd5 exd5 13.Be2 Bf5 14.Qa4 Be4 15.
O-O a6 16.b4 b5 17.Qb3 Nf5 18.Rfd1 Rc8 19.Qb2 Re8 20.a4 bxa4 21.b5 axb5 
22.Qxb5 Qe7 23.Re1 a3 24.Qa4 Ra8 25.Qd1 Nh4 26.Nxh4 Qxh4 27.f3 Qg5 28.Bb5 
d4 29.fxe4 Qxb5 30.exd4 Ra4 31.d5 Ne5 32.Bxe5 Rxe5 33.d6 Qb6+ 34.Kh1 Rd4 
35.Qf3 Qxd6 36.Qxa3 Qxa3 37.Rxa3 f5 38.Kg1 fxe4 39.Kf2 Rf5+ 40.Ke3 Rb4 41.
Re2 Rf8 42.Rd2 Kh7 43.Ra7 Re8 44.Rdd7 Rg8 45.Ra2 Rc8 46.Raa7 Rc3+ 47.Kd2 
Rd3+ 48.Rxd3 exd3 49.Ra2 1/2-1/2

[Event "21st Sigeman & Co"]
[Site "Malmo SWE"]
[Date "2013.05.24"]
[Round "3"]
[White "Hector, Jonny"]
[Black "Berg, Emanuel"]
[Result "0-1"]
[WhiteElo "2512"]
[BlackElo "2561"]
[EventDate "2013.05.22"]
[PlyCount "70"]

1.e4 e6 2.d4 d5 3.Nc3 Bb4 4.e5 c5 5.Bd2 Nh6 6.Nf3 Nc6 7.Bxh6 gxh6 8.Bb5 
Qa5 9.O-O cxd4 10.Qxd4 Bd7 11.Qh4 Rg8 12.Bd3 Bxc3 13.bxc3 Qxc3 14.Qf6 Nd4 
15.Nxd4 Qxd4 16.Bxh7 Rg5 17.Qh8+ Ke7 18.Qf6+ Ke8 19.Rfe1 Rc8 20.Bd3 Qg4 
21.g3 Bc6 22.Rab1 d4 23.Bb5 Bxb5 24.Rxb5 b6 25.Qh8+ Rg8 26.Qh7 Rg6 27.Rb4 
Ke7 28.Rb2 Qf5 29.Kf1 Qf3 30.Rb3 Qh1+ 31.Ke2 Qe4+ 32.Kf1 Qh1+ 33.Ke2 Qa8 
34.Ra3 a5 35.Rf3 Qe4+ 0-1

[Event "21st Sigeman & Co"]
[Site "Malmo SWE"]
[Date "2013.05.24"]
[Round "3"]
[White "Short, Nigel David"]
[Black "Grandelius, Nils"]
[Result "1-0"]
[WhiteElo "2681"]
[BlackElo "2556"]
[EventDate "2013.05.22"]
[PlyCount "59"]

1.c4 e5 2.e3 Nf6 3.Nc3 Bb4 4.Nge2 O-O 5.a3 Bxc3 6.Nxc3 d5 7.cxd5 Nxd5 8.
Qc2 c5 9.Be2 Be6 10.O-O Nxc3 11.Qxc3 Qd6 12.b4 Nd7 13.Bb2 Rac8 14.Rac1 f6 
15.Bf3 b6 16.d4 exd4 17.exd4 c4 18.b5 Bd5 19.Rfe1 Rfd8 20.Bg4 Rc7 21.a4 
Nf8 22.Ba3 Qf4 23.h3 Bf7 24.Rcd1 Ng6 25.d5 h5 26.d6 hxg4 27.g3 Qe5 28.Qxe5
Nxe5 29.dxc7 Re8 30.Rxe5 1-0

[Event "21st Sigeman & Co"]
[Site "Malmo SWE"]
[Date "2013.05.24"]
[Round "3"]
[White "Sokolov, Ivan"]
[Black "Rapport, Richard"]
[Result "1/2-1/2"]
[WhiteElo "2642"]
[BlackElo "2674"]
[EventDate "2013.05.22"]
[PlyCount "50"]

1.d4 e6 2.c4 c5 3.d5 exd5 4.cxd5 d6 5.e4 g6 6.Ne2 Bg7 7.Nec3 a6 8.a4 Nd7 
9.Bf4 Ne5 10.Na3 Ne7 11.Qd2 h6 12.Bxe5 Bxe5 13.Nc4 Bd4 14.Qf4 O-O 15.Qxd6 
Qxd6 16.Nxd6 f5 17.Bc4 Rd8 18.Nxb7 Bxb7 19.d6+ Kg7 20.dxe7 Rd7 21.Nd5 Rb8 
22.f3 fxe4 23.fxe4 Bxd5 24.Bxd5 Rxe7 25.O-O-O Bxb2+ 1/2-1/2

[Event "21st Sigeman & Co"]
[Site "Malmo SWE"]
[Date "2013.05.24"]
[Round "3"]
[White "Tikkanen, Hans"]
[Black "Van Wely, Loek"]
[Result "0-1"]
[WhiteElo "2537"]
[BlackElo "2689"]
[EventDate "2013.05.22"]
[PlyCount "82"]

1.Nf3 Nf6 2.c4 e6 3.g3 a6 4.Bg2 b5 5.d4 Bb7 6.O-O c5 7.e4 Bxe4 8.Nc3 Bxf3 
9.Qxf3 Nc6 10.d5 Nd4 11.Qd3 b4 12.Na4 Bd6 13.dxe6 dxe6 14.Be3 Rc8 15.Bxd4 
Be7 16.Nxc5 Bxc5 17.Rfd1 Bxd4 18.Qxd4 Qxd4 19.Rxd4 Ke7 20.a3 b3 21.Rd3 Rb8
22.Rc1 Rhd8 23.Rxd8 Rxd8 24.Bf3 Rd2 25.Rb1 Nd7 26.Kf1 Nc5 27.Ke1 Rc2 28.
Be2 g5 29.Kf1 a5 30.h4 gxh4 31.gxh4 Kf6 32.h5 h6 33.Ke1 Ke5 34.Kf1 f5 35.
Ke1 Kf4 36.Kf1 a4 37.Ke1 e5 38.Kf1 e4 39.Rd1 Rxb2 40.Rd5 Rb1+ 41.Kg2 Re1 
0-1

[Event "21st Sigeman & Co"]
[Site "Malmo SWE"]
[Date "2013.05.25"]
[Round "4"]
[White "Berg, Emanuel"]
[Black "Short, Nigel David"]
[Result "0-1"]
[WhiteElo "2561"]
[BlackElo "2681"]
[EventDate "2013.05.22"]
[PlyCount "88"]

1.e4 e5 2.Nf3 Nc6 3.Bb5 Nge7 4.c4 g6 5.d4 exd4 6.Nxd4 Bg7 7.Be3 O-O 8.Nc3 
d6 9.Bxc6 bxc6 10.O-O c5 11.Nde2 Bb7 12.Qd2 f5 13.f3 Nc6 14.Nf4 Nd4 15.
Nfd5 c6 16.Nf4 g5 17.Nfe2 Nxe2+ 18.Nxe2 f4 19.Bf2 Qe7 20.Rad1 Rf6 21.b4 
cxb4 22.Bd4 Rg6 23.Bxg7 Qxg7 24.Nd4 c5 25.Nf5 Qe5 26.Nxd6 Rd8 27.Nxb7 Rxd2
28.Rxd2 g4 29.Rd8+ Kg7 30.Rd7+ Kh6 31.Nd8 Qb2 32.Nf7+ Kh5 33.Rd5+ Kh4 34.
Ne5 Rg5 35.Nd3 Qd2 36.Nxf4 Rxd5 37.g3+ Kg5 38.cxd5 Kf6 39.fxg4 Ke5 40.Nh5 
c4 41.Rf5+ Kd4 42.d6 c3 43.d7 Kc4 44.Rd5 Qe1+ 0-1

[Event "21st Sigeman & Co"]
[Site "Malmo SWE"]
[Date "2013.05.25"]
[Round "4"]
[White "Rapport, Richard"]
[Black "Grandelius, Nils"]
[Result "1/2-1/2"]
[WhiteElo "2674"]
[BlackElo "2556"]
[EventDate "2013.05.22"]
[PlyCount "96"]

1.d4 Nf6 2.c4 g6 3.h4 d6 4.Nc3 Bg7 5.e4 c5 6.d5 e6 7.Be2 exd5 8.exd5 O-O 
9.h5 Re8 10.hxg6 hxg6 11.Bg5 Qb6 12.Qd2 Ne4 13.Nxe4 Rxe4 14.f3 Qxb2 15.
Qxb2 Bxb2 16.fxe4 Bxa1 17.Be7 Nd7 18.Nf3 Bc3+ 19.Kd1 Nf6 20.e5 Ng4 21.Kc2 
Ba5 22.Ng5 Bf5+ 23.Kb3 Bd8 24.Bxd8 Rxd8 25.Bxg4 Bxg4 26.Rh8+ Kxh8 27.Nxf7+
Kg7 28.Nxd8 dxe5 29.Nxb7 e4 30.Nxc5 e3 31.Kc3 Kf6 32.d6 Bf5 33.Na6 Ke5 34.
c5 Kf4 35.Nb4 Kg3 36.Nc2 e2 37.Ne1 Kf2 38.Kd2 Bd7 39.g4 g5 40.Nd3+ Kf1 41.
Ne1 Kf2 42.Nd3+ Kf1 43.a3 a5 44.Ne1 Kf2 45.Nd3+ Kf1 46.Ne1 Kf2 47.Nc2 Ba4 
48.Ne1 Bd7 1/2-1/2

[Event "21st Sigeman & Co"]
[Site "Malmo SWE"]
[Date "2013.05.25"]
[Round "4"]
[White "Sokolov, Ivan"]
[Black "Tikkanen, Hans"]
[Result "1-0"]
[WhiteElo "2642"]
[BlackElo "2537"]
[EventDate "2013.05.22"]
[PlyCount "73"]

1.d4 d5 2.c4 c6 3.cxd5 cxd5 4.Nf3 Nf6 5.Nc3 Nc6 6.Bf4 Nh5 7.Bd2 g6 8.e3 
Bg7 9.Bb5 O-O 10.Bxc6 bxc6 11.Qa4 Qd6 12.O-O Bd7 13.e4 dxe4 14.Nxe4 Qd5 
15.Rfe1 Rfd8 16.Rac1 Bf5 17.Rc5 Qd7 18.Ba5 Rdb8 19.Ne5 Bxe5 20.Rxe5 Nf4 
21.Nc5 Qd6 22.b3 Re8 23.Qc4 Kg7 24.Bb4 Qf6 25.Bd2 Nd5 26.h3 Qh4 27.Bc1 Kf8
28.g4 f6 29.gxf5 fxe5 30.Ne6+ Kg8 31.Qxc6 Nf6 32.dxe5 Qxh3 33.exf6 exf6 
34.Qc4 Kh8 35.fxg6 hxg6 36.Re4 g5 37.Bxg5 1-0

[Event "21st Sigeman & Co"]
[Site "Malmo SWE"]
[Date "2013.05.25"]
[Round "4"]
[White "Van Wely, Loek"]
[Black "Hector, Jonny"]
[Result "1-0"]
[WhiteElo "2689"]
[BlackElo "2512"]
[EventDate "2013.05.22"]
[PlyCount "61"]

1.c4 e5 2.Nc3 Bb4 3.Nd5 a5 4.Nf3 e4 5.Nd4 Nf6 6.Qc2 O-O 7.Nxf6+ Qxf6 8.
Qxe4 d5 9.cxd5 Bd7 10.e3 Re8 11.Qd3 Na6 12.Be2 Bd6 13.a3 Nc5 14.Qc2 Ba4 
15.Qf5 Qh6 16.b3 Bxb3 17.Nxb3 Nxb3 18.Rb1 Re5 19.Qf3 a4 20.Bb2 Re7 21.Qf5 
Rae8 22.Bb5 Qh4 23.g3 Nd4 24.Bxd4 Qxd4 25.Bxe8 Rxe8 26.O-O Qa7 27.Qd7 Ra8 
28.Rfc1 b6 29.d4 Qb8 30.e4 f6 31.e5 1-0

[Event "21st Sigeman & Co"]
[Site "Malmo SWE"]
[Date "2013.05.26"]
[Round "5"]
[White "Grandelius, Nils"]
[Black "Berg, Emanuel"]
[Result "1-0"]
[WhiteElo "2556"]
[BlackElo "2561"]
[EventDate "2013.05.22"]
[PlyCount "107"]

1.Nf3 Nf6 2.c4 g6 3.g3 Bg7 4.Nc3 O-O 5.Bg2 c6 6.d4 d5 7.Qb3 b6 8.O-O e6 9.
Bf4 Ba6 10.cxd5 cxd5 11.Rfc1 Nc6 12.Nb5 Qd7 13.Nc7 Bc4 14.Qd1 Rac8 15.b3 
Nh5 16.Nxe6 fxe6 17.bxc4 Nxf4 18.gxf4 dxc4 19.Qa4 Ne5 20.Qxd7 Nxd7 21.e3 
b5 22.Ng5 b4 23.Bh3 Nb6 24.Bxe6+ Kh8 25.Bxc8 Rxc8 26.Rab1 a5 27.Nf7+ Kg8 
28.Nd6 Rc7 29.Ne8 Rc8 30.Nxg7 Kxg7 31.Kg2 Kf6 32.Kf3 Ke6 33.e4 Kd6 34.h4 
Kc6 35.Rg1 Kb5 36.Rg5+ Ka4 37.Rc5 Ra8 38.Rc6 Rb8 39.e5 Ka3 40.e6 Kxa2 41.
Re1 b3 42.Rxb6 Rxb6 43.e7 Rb8 44.d5 b2 45.d6 c3 46.d7 c2 47.d8=Q b1=Q 48.
Qxa5+ Kb2 49.Qe5+ Ka2 50.e8=Q Qb3+ 51.Kg2 Qb7+ 52.Kh2 Rxe8 53.Qa1+ Kb3 54.
Rb1+ 1-0

[Event "21st Sigeman & Co"]
[Site "Malmo SWE"]
[Date "2013.05.26"]
[Round "5"]
[White "Hector, Jonny"]
[Black "Sokolov, Ivan"]
[Result "1/2-1/2"]
[WhiteElo "2512"]
[BlackElo "2642"]
[EventDate "2013.05.22"]
[PlyCount "56"]

1.e4 e5 2.Nf3 Nc6 3.Bc4 Bc5 4.c3 Nf6 5.d4 exd4 6.cxd4 Bb4+ 7.Nbd2 d5 8.
exd5 Nxd5 9.O-O O-O 10.a3 Be7 11.Re1 Be6 12.Ba2 Nf4 13.Nc4 Ng6 14.Be3 Bf6 
15.Qd3 Bd5 16.Ncd2 Bxa2 17.Rxa2 Qd5 18.Raa1 Rad8 19.Ne4 Bxd4 20.Rad1 Nge5 
21.Nxe5 Qxe5 22.Ng5 g6 23.Nf3 Qh5 24.Bxd4 Nxd4 25.Nxd4 c5 26.Qe4 Rxd4 27.
Rxd4 cxd4 28.Qxd4 Qa5 1/2-1/2

[Event "21st Sigeman & Co"]
[Site "Malmo SWE"]
[Date "2013.05.26"]
[Round "5"]
[White "Short, Nigel David"]
[Black "Van Wely, Loek"]
[Result "1-0"]
[WhiteElo "2681"]
[BlackElo "2689"]
[EventDate "2013.05.22"]
[PlyCount "71"]

1.e4 c5 2.Nc3 e6 3.Nf3 a6 4.d4 cxd4 5.Nxd4 d6 6.g4 Ne7 7.h4 b5 8.Bg2 Bb7 
9.g5 Nbc6 10.a3 g6 11.h5 Bg7 12.Nde2 O-O 13.hxg6 hxg6 14.Qd3 Re8 15.Qh3 d5
16.exd5 exd5 17.Be3 d4 18.O-O-O dxc3 19.Nxc3 Qc8 20.Qh7+ Kf8 21.Ne4 Qf5 
22.Nf6 Red8 23.Bd5 Rxd5 24.Rxd5 Qf3 25.Nd7+ Ke8 26.Rdd1 Nf5 27.Nf6+ Ke7 
28.Bc5+ Ke6 29.Rhe1+ Ne5 30.Qh2 Bxf6 31.gxf6 Be4 32.Bd4 Nc6 33.Bc3 Rc8 34.
Rd3 Qg4 35.f3 Qg5+ 36.Kb1 1-0

[Event "21st Sigeman & Co"]
[Site "Malmo SWE"]
[Date "2013.05.27"]
[Round "6"]
[White "Rapport, Richard"]
[Black "Berg, Emanuel"]
[Result "1-0"]
[WhiteElo "2674"]
[BlackElo "2561"]
[EventDate "2013.05.22"]
[PlyCount "80"]

1.e4 e6 2.d4 d5 3.e5 c5 4.c3 Qb6 5.Nf3 Nc6 6.a3 Nh6 7.b4 cxd4 8.Bxh6 gxh6 
9.cxd4 Bd7 10.Ra2 Rc8 11.Rc2 Bg7 12.Nc3 Nxd4 13.Qxd4 Qxd4 14.Nxd4 Bxe5 15.
Nce2 Rxc2 16.Nxc2 Bb2 17.Kd2 Ke7 18.Nc3 Rc8 19.Nd1 Bg7 20.f4 h5 21.Bd3 Bh6
22.g3 e5 23.Nde3 Kd6 24.Rf1 e4 25.Nd4 exd3 26.Nef5+ Bxf5 27.Nxf5+ Ke6 28.
Nxh6 Rc2+ 29.Kxd3 Rxh2 30.Re1+ Kf6 31.Re5 Kg6 32.Nf5 Ra2 33.Rxd5 Rxa3+ 34.
Ke4 Rb3 35.Rd6+ f6 36.Nh4+ Kf7 37.Rd7+ Ke8 38.Rxb7 a5 39.b5 Rxg3 40.Nf5 
Rb3 1-0

[Event "21st Sigeman & Co"]
[Site "Malmo SWE"]
[Date "2013.05.27"]
[Round "6"]
[White "Sokolov, Ivan"]
[Black "Short, Nigel David"]
[Result "1/2-1/2"]
[WhiteElo "2642"]
[BlackElo "2681"]
[EventDate "2013.05.22"]
[PlyCount "102"]

1.d4 e6 2.c4 Bb4+ 3.Bd2 Bxd2+ 4.Qxd2 Nf6 5.g3 O-O 6.Bg2 d5 7.Nf3 Qe7 8.O-O
Rd8 9.Rc1 c6 10.b4 dxc4 11.Rxc4 Nbd7 12.Qb2 a5 13.bxa5 Rxa5 14.Nbd2 Qa3 
15.Rc2 Qxb2 16.Rxb2 Ra4 17.Rc1 Ne8 18.Nc4 f6 19.Nfd2 Kf8 20.Nb3 Ra7 21.e4 
b6 22.e5 Bb7 23.Nxb6 Nxb6 24.Nc5 Na4 25.Rxb7 Rxb7 26.Nxb7 Rxd4 27.Bxc6 
fxe5 28.Nc5 Nxc5 29.Rxc5 e4 30.Re5 Nf6 31.Rxe6 Rc4 32.Bb5 Rb4 33.a4 Kf7 
34.Rc6 Rb1+ 35.Kg2 Rb2 36.Rb6 Ke7 37.Rb7+ Kd6 38.Rxg7 e3 39.Kf3 exf2 40.
Bf1 Ra2 41.Ra7 h5 42.Ra6+ Ke7 43.h3 Ra3+ 44.Kxf2 Ne4+ 45.Kg2 Rxg3+ 46.Kh2 
Ra3 47.a5 h4 48.Ra8 Ng5 49.Bg2 Ra2 50.Kg1 Ra1+ 51.Kf2 Ra2+ 1/2-1/2

[Event "21st Sigeman & Co"]
[Site "Malmo SWE"]
[Date "2013.05.27"]
[Round "6"]
[White "Van Wely, Loek"]
[Black "Grandelius, Nils"]
[Result "1/2-1/2"]
[WhiteElo "2689"]
[BlackElo "2556"]
[EventDate "2013.05.22"]
[PlyCount "83"]

1.Nf3 Nf6 2.c4 g6 3.Nc3 d5 4.cxd5 Nxd5 5.g3 Bg7 6.Bg2 Nc6 7.O-O O-O 8.d4 
Nb6 9.d5 Na5 10.Qc2 c6 11.dxc6 Nxc6 12.Rd1 Qe8 13.Qe4 Bf5 14.Qh4 f6 15.g4 
Be6 16.Ne4 Bc4 17.Be3 Bxe2 18.Re1 Bxf3 19.Bxf3 Ne5 20.Bg2 Nbc4 21.b3 Nxe3 
22.Rxe3 Qd7 23.h3 Rac8 24.Nc3 e6 25.Rd1 Qf7 26.f4 g5 27.Qg3 gxf4 28.Qxf4 
Qg6 29.Rg3 Qc2 30.Be4 Qb2 31.Rb1 Qa3 32.Bxb7 Rc7 33.Bg2 Rfc8 34.Ne4 Rc1+ 
35.Rxc1 Qxc1+ 36.Qxc1 Rxc1+ 37.Bf1 f5 38.gxf5 exf5 39.Rc3 Rxc3 40.Nxc3 
Nf3+ 41.Kf2 Bxc3 42.Kxf3 1/2-1/2

[Event "21st Sigeman & Co"]
[Site "Malmo SWE"]
[Date "2013.05.28"]
[Round "7"]
[White "Berg, Emanuel"]
[Black "Van Wely, Loek"]
[Result "1/2-1/2"]
[WhiteElo "2561"]
[BlackElo "2689"]
[EventDate "2013.05.22"]
[PlyCount "136"]

1.e4 c5 2.Nf3 e6 3.Nc3 a6 4.d4 cxd4 5.Nxd4 Qc7 6.Be2 Nf6 7.O-O d6 8.f4 Be7
9.Kh1 O-O 10.a4 Nc6 11.Be3 Re8 12.Qe1 Nxd4 13.Bxd4 e5 14.fxe5 dxe5 15.Qg3 
Bd8 16.Be3 Kh8 17.h3 Be6 18.Qf3 Be7 19.Bd3 Bb4 20.Ne2 Nd7 21.Ng3 Bf8 22.
Nf5 Nc5 23.Bxc5 Qxc5 24.Qe2 g6 25.Ne3 Bh6 26.Ng4 Bf4 27.Rf3 Kg7 28.Raf1 h5
29.Ne3 Rh8 30.Qf2 Rac8 31.g3 Bxe3 32.Rxe3 Qe7 33.Kh2 Rhf8 34.b3 Rc3 35.Qd2
Rfc8 36.Ref3 R8c7 37.h4 Qd8 38.R1f2 Qd4 39.Qg5 Bxb3 40.Qf6+ Kg8 41.cxb3 
Rxd3 42.Rxd3 Qxd3 43.Qxe5 Rc8 44.Qd5 Qxd5 45.exd5 Rd8 46.Rf6 Rxd5 47.Rb6 
Rd7 48.b4 Kf8 49.a5 Ke7 50.b5 axb5 51.Rxb5 Kd8 52.Rb6 Kc7 53.Rf6 Re7 54.a6
b5 55.a7 Re8 56.g4 hxg4 57.Rxf7+ Kb6 58.Rg7 b4 59.Rxg6+ Kxa7 60.Rxg4 Rb8 
61.h5 Ka6 62.Kh3 b3 63.Rg1 Rb4 64.Rb1 Ka5 65.h6 Rb6 66.Kg4 Rxh6 67.Rxb3 
Rb6 68.Rxb6 Kxb6 1/2-1/2

[Event "21st Sigeman & Co"]
[Site "Malmo SWE"]
[Date "2013.05.28"]
[Round "7"]
[White "Grandelius, Nils"]
[Black "Sokolov, Ivan"]
[Result "1-0"]
[WhiteElo "2556"]
[BlackElo "2642"]
[EventDate "2013.05.22"]
[PlyCount "77"]

1.e4 e5 2.Nf3 Nc6 3.Bb5 a6 4.Ba4 Nf6 5.O-O Be7 6.d3 d6 7.c3 O-O 8.Re1 Nd7 
9.Bc2 Nb6 10.Be3 d5 11.Nbd2 d4 12.cxd4 exd4 13.Bf4 Be6 14.Bb3 Nb4 15.Ne5 
c5 16.Bxe6 fxe6 17.Bg3 Bd6 18.a3 Bxe5 19.axb4 Bxg3 20.hxg3 cxb4 21.Qb3 Qe7
22.Nf3 Rad8 23.Rec1 Kh8 24.Rc2 e5 25.Rac1 Nd7 26.Rc7 Qd6 27.Qa4 h6 28.Nh4 
Rf7 29.Qa5 b6 30.Qa2 Qf6 31.f4 Kh7 32.R1c6 Qe7 33.Qd5 exf4 34.Nf5 Qf8 35.
Rd6 fxg3 36.Nxg3 Qe8 37.Nf5 g6 38.Nxd4 Kh8 39.Ne6 1-0

[Event "21st Sigeman & Co"]
[Site "Malmo SWE"]
[Date "2013.05.28"]
[Round "7"]
[White "Hector, Jonny"]
[Black "Rapport, Richard"]
[Result "0-1"]
[WhiteElo "2512"]
[BlackElo "2674"]
[EventDate "2013.05.22"]
[PlyCount "62"]

1.e4 c5 2.Nf3 d6 3.d4 cxd4 4.Nxd4 Nf6 5.Nc3 Nc6 6.Bc4 e6 7.Be3 a6 8.Qe2 
Qc7 9.O-O-O Bd7 10.Bb3 b5 11.Nxc6 Bxc6 12.Bd4 Be7 13.Bxf6 Bxf6 14.Nd5 Bxd5
15.exd5 e5 16.Rd3 Qd7 17.Rc3 a5 18.a3 O-O 19.Rc6 a4 20.Ba2 b4 21.axb4 a3 
22.b3 e4 23.Re1 g6 24.f4 exf3 25.Qxf3 Rae8 26.Rd1 Bg5+ 27.Kb1 Re3 28.Qf1 
Qe7 29.Rc4 Re8 30.Rcd4 Qe5 31.Qc4 Re1 0-1

[Event "21st Sigeman & Co"]
[Site "Malmo SWE"]
[Date "2013.05.28"]
[Round "7"]
[White "Short, Nigel David"]
[Black "Tikkanen, Hans"]
[Result "1/2-1/2"]
[WhiteElo "2681"]
[BlackElo "2537"]
[EventDate "2013.05.22"]
[PlyCount "85"]

1.e4 e6 2.d4 d5 3.Nc3 Nf6 4.exd5 exd5 5.Bg5 Be7 6.Qd2 a6 7.O-O-O Nc6 8.Nf3
b5 9.Bd3 O-O 10.Rhe1 b4 11.Na4 Bg4 12.Qf4 Qd6 13.Qg3 Qxg3 14.hxg3 Rfe8 15.
Bxf6 Bxf6 16.Rxe8+ Rxe8 17.c3 bxc3 18.bxc3 Be7 19.Kd2 Rb8 20.Rb1 Rxb1 21.
Bxb1 Na5 22.Bd3 Bd7 23.Nb2 Bc8 24.Nd1 c5 25.Ne3 cxd4 26.Nxd4 Bb7 27.Be2 
Kf8 28.Ndf5 g6 29.Nxe7 Kxe7 30.g4 h6 31.Nc2 Kd6 32.Ke3 Nc6 33.Nd4 Ne5 34.
Kf4 Bc8 35.g5 h5 36.g3 Nd7 37.Nb3 Ne5 38.Nc5 a5 39.Nb3 a4 40.Nd4 Nd7 41.a3
Nb6 42.Bd3 Bg4 43.Nc2 1/2-1/2